Post-cowboy economics : Pay and prosperity in the new American West

Includes bibliographical references (p. 167-172) and index

Wedi'i Gadw mewn:
Manylion Llyfryddiaeth
Prif Awdur: Power, Thomas Michael
Fformat: Llyfr
Iaith:Undetermined
Cyhoeddwyd: Washington, DC Island Press 2001
Pynciau:
Tagiau: Ychwanegu Tag
Dim Tagiau, Byddwch y cyntaf i dagio'r cofnod hwn!
Thư viện lưu trữ: Trung tâm Học liệu Trường Đại học Cần Thơ
LEADER 00723nam a2200241Ia 4500
001 CTU_129940
008 210402s9999 xx 000 0 und d
020 |c 37.80 
082 |a 338.978 
082 |b P887 
100 |a Power, Thomas Michael 
245 0 |a Post-cowboy economics : 
245 0 |b Pay and prosperity in the new American West 
245 0 |c Thomas Michael Power and Richard N. Barrett 
260 |a Washington, DC 
260 |b Island Press 
260 |c 2001 
520 |a Includes bibliographical references (p. 167-172) and index 
650 |a West (U.S.),Income 
650 |x Economic policy 
650 |z West (U.S.) 
904 |i Giang 
980 |a Trung tâm Học liệu Trường Đại học Cần Thơ